Statistics for Countries that Eat the Most Fish

Click here to take the quiz!

General Stats

  • This quiz has been taken 62,811 times
    (18,217 since last reset)
  • The average score is 11 of 20

Answer Stats

KgCountry% Correct
46.7Japan
98%
40.3China
91%
44.7Indonesia
80%
50.6Norway
80%
54.7South Korea
79%
(84.3)Iceland
73%
40.3Spain
69%
53.3Malaysia
64%
59.4Portugal
64%
(44.0)Samoa
49%
(44.8)Nauru
47%
46.7Cambodia
45%
(48.7)F.S. Micronesia
45%
(69.2)Kiribati
45%
(87.3)Maldives
43%
45.9Myanmar
41%
(52.9)Seychelles
37%
(43.4)St. Kitts and Nevis
34%
(43.9)Barbados
33%
(57.1)Antigua and Barbuda
30%

Score Distribution

Percentile by Number Answered

Percent of People with Each Score

Your Score History

You have not taken this quiz since the last reset